Food rebellions ! (Record no. 111677)

MARC details
000 -LEADER
campo de control de longitud fija 02349nam a2200517Li 4500
001 - NÚMERO DE CONTROL
campo de control 85515
005 - FECHA Y HORA DE LA ÚLTIMA TRANSACCIÓN
campo de control 20230411090044.0
008 - DATOS DE LONGITUD FIJA--INFORMACIÓN GENERAL
campo de control de longitud fija 091103s2009 sa a f b 001 0 eng d
035 ## - NÚMERO DE CONTROL DEL SISTEMA
Número de control de sistema (OCoLC)ocn495287444
040 ## - FUENTE DE CATALOGACIÓN
Centro catalogador/agencia de origen ZWZ
Normas de descripción ncafnor
Lengua de catalogación fre
Centro/agencia transcriptor ZWZ
020 ## - NÚMERO INTERNACIONAL ESTÁNDAR DEL LIBRO
Número Internacional Estándar del Libro 9780935028348
020 ## - NÚMERO INTERNACIONAL ESTÁNDAR DEL LIBRO
Número Internacional Estándar del Libro 093502834X
020 ## - NÚMERO INTERNACIONAL ESTÁNDAR DEL LIBRO
Número Internacional Estándar del Libro 9781906387303
020 ## - NÚMERO INTERNACIONAL ESTÁNDAR DEL LIBRO
Número Internacional Estándar del Libro 1906387303
029 0# - OTRO NÚMERO DE CONTROL DE SISTEMA (OCLC)
Identificador de la biblioteca OCLC ZWZ
Número de control de sistema 137624085
035 ## - NÚMERO DE CONTROL DEL SISTEMA
Número de control de sistema (OCoLC)495287444
044 ## - CÓDIGO DEL PAÍS DE LA ENTIDAD EDITORA/PRODUCTORA
Código MARC del país sa
-- us
082 0# - NÚMERO DE LA CLASIFICACIÓN DECIMAL DEWEY
Número de clasificación 363.8
Número de edición 22
049 ## - FONDOS LOCALES (OCLC)
Biblioteca depositaria GRAL
100 1# - ENTRADA PRINCIPAL--NOMBRE DE PERSONA
Nombre de persona Holt-Giménez, Eric.
245 10 - MENCIÓN DEL TÍTULO
Título Food rebellions !
Medio [Texte imprime] :
Resto del título crisis and the hunger for justice /
Mención de responsabilidad, etc. Eric Holt-Giménez and Raj Patel ; with Annie Shattuck.
260 ## - PUBLICACIÓN, DISTRIBUCIÓN, ETC.
Lugar de publicación, distribución, etc. Cape Town :
Nombre del editor, distribuidor, etc. Pambazuka Press ;
Lugar de publicación, distribución, etc. Oakland, CA :
Nombre del editor, distribuidor, etc. Food First Books ;
Lugar de publicación, distribución, etc. Boston, MA :
Nombre del editor, distribuidor, etc. Grassroots International,
Fecha de publicación, distribución, etc. cop. 2009.
300 ## - DESCRIPCIÓN FÍSICA
Extensión 1 vol. (260 p. :
Otras características físicas ill., tabl. ;
Dimensiones 20 cm.
504 ## - NOTA DE BIBLIOGRAFÍA, ETC.
Nota de bibliografía, etc. Notes bibliogr, bibliogr. (p. 230-252). Index.
505 0# - NOTA DE CONTENIDO CON FORMATO
Nota de contenido con formato Introduction to the global food crisis -- Hunger, harvests and profits: the tragic records of the global food crisis -- Root causes: how the industrial agrifoods complex ate the global South -- The overproduction of hunger: Uncle Sam's farm and food bill -- Agrofuels: a bad idea at the worst possible time -- Summing up the crisis -- Overcoming the crisis: transforming the food system -- Africa and the end of hunger -- The challenge of food sovereignty in northern countries
650 #7 - PUNTO DE ACCESO ADICIONAL DE MATERIA--TÉRMINO DE MATERIA
Término de materia o nombre geográfico como elemento de entrada Aliments
Subdivisión general Approvisionnement.
Fuente del encabezamiento o término ram
650 #7 - PUNTO DE ACCESO ADICIONAL DE MATERIA--TÉRMINO DE MATERIA
Término de materia o nombre geográfico como elemento de entrada Aliments
Subdivisión general Prix.
Fuente del encabezamiento o término ram
650 #7 - PUNTO DE ACCESO ADICIONAL DE MATERIA--TÉRMINO DE MATERIA
Término de materia o nombre geográfico como elemento de entrada Famines.
Fuente del encabezamiento o término ram
650 #0 - PUNTO DE ACCESO ADICIONAL DE MATERIA--TÉRMINO DE MATERIA
Término de materia o nombre geográfico como elemento de entrada Food supply.
650 #0 - PUNTO DE ACCESO ADICIONAL DE MATERIA--TÉRMINO DE MATERIA
Término de materia o nombre geográfico como elemento de entrada Food prices.
650 #0 - PUNTO DE ACCESO ADICIONAL DE MATERIA--TÉRMINO DE MATERIA
Término de materia o nombre geográfico como elemento de entrada Hunger.
700 1# - ENTRADA AGREGADA--NOMBRE PERSONAL
Nombre de persona Patel, Raj.
700 1# - ENTRADA AGREGADA--NOMBRE PERSONAL
Nombre de persona Shattuck, Annie.
740 02 - ENTRADA AGREGADA--TÍTULO RELACIONADO/ANALÍTICO NO CONTROLADO
Título relacionado o analítico no controlado Introduction to the global food crisis.
740 02 - ENTRADA AGREGADA--TÍTULO RELACIONADO/ANALÍTICO NO CONTROLADO
Título relacionado o analítico no controlado Hunger, harvests and profits: the tragic records of the global food crisis.
740 02 - ENTRADA AGREGADA--TÍTULO RELACIONADO/ANALÍTICO NO CONTROLADO
Título relacionado o analítico no controlado Root causes: how the industrial agrifoods complex ate the global South.
740 02 - ENTRADA AGREGADA--TÍTULO RELACIONADO/ANALÍTICO NO CONTROLADO
Título relacionado o analítico no controlado The overproduction of hunger: Uncle Sam's farm and food bill.
740 02 - ENTRADA AGREGADA--TÍTULO RELACIONADO/ANALÍTICO NO CONTROLADO
Título relacionado o analítico no controlado Agrofuels: a bad idea at the worst possible time.
740 02 - ENTRADA AGREGADA--TÍTULO RELACIONADO/ANALÍTICO NO CONTROLADO
Título relacionado o analítico no controlado Summing up the crisis.
740 02 - ENTRADA AGREGADA--TÍTULO RELACIONADO/ANALÍTICO NO CONTROLADO
Título relacionado o analítico no controlado Overcoming the crisis: transforming the food system.
740 02 - ENTRADA AGREGADA--TÍTULO RELACIONADO/ANALÍTICO NO CONTROLADO
Título relacionado o analítico no controlado Africa and the end of hunger.
740 02 - ENTRADA AGREGADA--TÍTULO RELACIONADO/ANALÍTICO NO CONTROLADO
Título relacionado o analítico no controlado The challenge of food sovereignty in northern countries.
942 ## - ELEMENTOS DE ENTRADA SECUNDARIOS (KOHA)
Fuente del sistema de clasificación o colocación Clasificación de Library of Congress
Tipo de ítem Koha
994 ## -
-- C0
-- DRFGD
946 ## - PROCESAMIENTO DE INFORMACIÓN LOCAL (OCLC)
a lrm
Holdings
Estatus retirado Estado de pérdida Fuente del sistema de clasificación o colocación Estado de daño No para préstamo Colección Biblioteca de origen Biblioteca actual Ubicación en estantería Fecha de adquisición Código de barras Visto por última vez Copia número Tipo de ítem Koha
    Clasificación de Library of Congress     Automatización y Procesos Técnicos Biblioteca Juan Bosch Biblioteca Juan Bosch Automatización y Procesos Técnicos (1er. Piso) 11/04/2023 00000077950 17/02/2019 1